| Tag |
First Indicator |
Second Indicator |
Subfields |
| LEADER |
00000cam a2200000 a 4500 |
| 001 |
in00000081975 |
| 005 |
20151008055440.0 |
| 008 |
811205s1981 kyua 00010 eng |
| 010 |
|
|
|a 81179804
|
| 020 |
|
|
|a 0891451714 (pbk.) :
|c $8.95
|
| 035 |
|
|
|a (OCoLC)08052237
|
| 035 |
|
|
|9 AAJ3493AM
|
| 039 |
0 |
|
|a 2
|b 3
|c 3
|d 3
|e 3
|
| 040 |
|
|
|a DLC
|c DLC
|d TXA
|d UtOrBLW
|
| 049 |
|
|
|a TXAM
|c [1387495]
|
| 050 |
0 |
0 |
|a TF347
|b .B35 1981
|
| 082 |
0 |
|
|a 385/.22/0750973
|2 19
|
| 100 |
1 |
|
|a Baker, Stanley L.
|
| 245 |
1 |
0 |
|a Railroad collectibles, an illustrated value guide /
|c Stanley L. Baker.
|
| 250 |
|
|
|a 2nd ed.
|
| 264 |
|
1 |
|a Paducah, Ky. :
|b Collector Books,
|c [1981]
|
| 264 |
|
4 |
|c ©1981
|
| 300 |
|
|
|a 200 pages :
|b illustrations (some color) ;
|c 22 cm.
|
| 336 |
|
|
|a text
|b txt
|2 rdacontent
|
| 337 |
|
|
|a unmediated
|b n
|2 rdamedia
|
| 338 |
|
|
|a volume
|b nc
|2 rdacarrier
|
| 500 |
|
|
|a Revised edition of: The railroadiana collector's price guide, c1977.
|
| 650 |
|
0 |
|a Railroads
|x Equipment and supplies
|x Collectors and collecting.
|
| 999 |
|
|
|a MARS
|
| 999 |
f |
f |
|s ca7c11a6-d957-308b-a4f2-36889b63f7b4
|i 967ce824-6b25-3b44-ac56-93af49566412
|t 0
|
| 952 |
f |
f |
|p ric
|a Texas A&M University
|b Rellis Campus
|c Joint Library Facility
|d Remote Storage
|t 0
|e TF347 .B35 1981
|h Library of Congress classification
|i unmediated -- volume
|m A14806246986
|
| 998 |
f |
f |
|a TF347 .B35 1981
|t 0
|l Remote Storage
|